000 00205 a2200109 4500
020 _a9789992457917
041 _aspa
100 _aIncer, Jaime
245 _aEstudios Sociales
942 _cBK
952 _71
999 _c18264
_d18264